[Event "DSOL 02 Liga Gr-B 1st"]
[Site "Playchess.com INT"]
[Date "2020.07.29"]
[Round "6.3"]
[White "Gevorkian, Spartac"]
[Black "Hermes, Simon"]
[Result "0-1"]
[WhiteElo "1698"]
[BlackElo "1737"]
[PlyCount "78"]
[EventDate "2020.06.22"]
[EventType "team-tourn (rapid)"]
[EventCountry "GER"]
[SourceTitle "EXT 2021"]
[Source "ChessBase"]
[SourceDate "2020.10.23"]
[SourceVersion "1"]
[SourceVersionDate "2020.10.23"]
[SourceQuality "1"]
[WhiteTeam "Berolina Mitte"]
[BlackTeam "Eppendorf Johanneum II"]
[WhiteTeamCountry "GER"]
[BlackTeamCountry "GER"]

1. e4 e6 2. d4 d5 3. exd5 exd5 4. Nf3 Bd6 5. Be2 Ne7 6. 0-0 Nbc6 7. Re1 0-0 8. Bg5 f6 9. Bh4 Nf5 10. Bg3 Nxg3 11. hxg3 Be6 12. Nbd2 Qd7 13. c3 a5 14. Bb5 Qf7 15. Rc1 Ne7 16. Qe2 Bg4 17. c4 c6 18. Ba4 dxc4 19. Nxc4 Bb4 20. Bb3 Nd5 21. Red1 Rfe8 22. Qd3 a4 23. Bc2 g6 24. a3 Bf8 25. Re1 Qd7 26. Ne3 Nxe3 27. fxe3 Bh6 28. Rcd1 Qc7 29. Kh2 Rad8 30. Bxa4 Qa5 31. Bb3+ Kh8 32. e4 Qh5+ 33. Kg1 f5 34. exf5 Bxf5 35. Rxe8+ Rxe8 36. Qc4 Be3+ 37. Kf1 Qh1+ 38. Ke2 Qxg2+ 39. Ke1 Qf2# 0-1